000 01005cam a22003014a 4500
003 UPN
005 20240320063708.0
008 090210s2002 es a r 000 f spa d
020 _a8426132049
035 _aUPN01000169099
040 _aUPN
_bspa
_cUPN
049 _aCG
050 4 _aPS1305
_bA68
100 1 _aTwain, Mark,
_d1835-1910
_929455
245 1 4 _aLas aventuras de Huckleberry Finn /
_cMark Twain ; ilustraciones de Walter Trier ; traducción de María Teresa Monguió.
250 _aPrimera edición
260 _aBarcelona, España :
_bJuventud,
_c2002.
300 _a242 páginas :
_bilustraciones
490 0 _aJuventud
534 _pTítulo original:
_tThe adventures of Huckleberry Finn
650 4 _aNovela estadounidense
_94462
650 4 _aAventuras y aventureros
_94121
700 1 _aTrier, Walter,
_d1890-1951
_eilustrador
_945859
700 1 _aMonguió, María Teresa
_etraductora
_945858
905 _aLibro
942 _2lcc
_cLIBRO
999 _c141205
_d141205